000 00338nam a2200145Ia 4500
008 191201s2011 xx 000 0 und d
082 _a003
_bHIO
100 _aGUPTA, Prem Kumar
245 0 _aOperations Research
250 _aRep
260 _aN.Delhi
_bS Chand and Co. Ltd.
_c2011
300 _a1395
650 _aMCA
942 _2ddc
_cBK
999 _c4191
_d4191